|
|
|
|
| LEADER |
01087nam a2200277 a 4500 |
| 001 |
GR-Patra32239 |
| 008 |
991015s1996 gr g u000 0 gre d |
| 020 |
|
|
|a 9603994359
|
| 082 |
|
0 |
|a 616.07
|2 22
|
| 100 |
1 |
|
|a Φερτάκης, Αριστομένης
|
| 245 |
1 |
0 |
|a Επίτομη εσωτερική παθολογία /
|c Αριστομένης Φερτάκης.
|
| 260 |
|
|
|a Αθήνα :
|b Π .Χ. Πασχαλίδης,
|c c1996
|
| 300 |
|
|
|a xiv, 372σ. :
|b εικ.
|
| 500 |
|
|
|a Περιλαμβάνει ευρετήριο
|
| 650 |
|
0 |
|a Intenal medicine
|
| 650 |
|
0 |
|a INTERNAL MEDICINE
|
| 650 |
|
0 |
|a INTERNAL MEDICINE
|
| 650 |
|
0 |
|a Pathology
|
| 650 |
|
0 |
|a Pathology
|
| 650 |
|
4 |
|a ΕΣΩΤΕΡΙΚΗ ΠΑΘΟΛΟΓΙΑ
|
| 650 |
|
4 |
|a Παθολογία
|
| 710 |
0 |
|
|a Πασχαλίδης.
|b Π. Χ.
|
| 942 |
|
|
|2 ddc
|
| 952 |
|
|
|0 0
|1 0
|2 ddc
|4 0
|6 616_070000000000000_ΦΕΡ
|7 1
|9 313936
|a LISK
|b LISK
|c BSC
|d 2021-01-17
|e 24
|f 0
|g 0.00
|l 0
|o 616.07 ΦΕΡ
|p 92410051237
|r 2021-01-17 00:00:00
|t 1
|w 2021-01-17
|y BKN
|x 20120912 0 0
|x GrPaTEI
|
| 971 |
|
|
|a .b26798116
|b 16-04-20
|c 26-09-16
|
| 999 |
|
|
|c 179579
|d 179579
|